000 01139nam a22002537a 4500
005 20170124103103.0
010 _aB-080237
020 _c200.00
_a81877744452
035 _aB-080237
037 _bCen Lib/Ret
040 _aDPL
_bHN
082 _a915.43
_bचंदेल
100 _aचंदेल, रूपसिंह
_977545
245 _aदक्षिण भारत के पर्यटन स्थल /
_cरूपसिंह चंदेल
246 _aDakshin bharat ke paryatan sthal /
_bby Roop Singh Chandel
260 _aनई दिल्ली
_bनीलकंठ प्रकाशन
_c2004
270 _a1/1079ई, महरौली
_bनई दिल्ली
_e110030
300 _a187पृ.
_c21सेमी (सजिल्द)
650 _a पर्यटन स्थल--भारत
_977546
650 _aस्वच्छता का पर्याय--प्राकृतिक सौन्दर्य
_977547
650 _aTourism--India
_917428
650 _aHygiene synonymous--Natural beauty
_977548
942 _2ddc
_cHN
_h915.43
_mचंदेल
999 _c117930
_d117930